000 01283cam a2200301 i 4500
003 SA-RiAUC
005 20241022145009.0
008 241020s2004 le g 00010 ara c
020 _a9953297738
040 _aKAPL
_bara
_cSA-RiAUC
_erda
072 7 _a029
082 0 4 _a243
090 _a243
_b ا ب ن ن
100 1 _aابن النعمان، محمد بن موسى،
_dتوفي 683 هجري
_eمؤلف.
245 1 0 _aمصباح الظلام في المستغيثين بخير الأنام عليه الصلاة والسلام في اليقظة والمنام /
_cتأليف أبي عبد الله محمد بن موسى بن النعمان المزالي المراكشي ؛ اعتنى به حسين محمد علي شكري.
250 _aالطبعة الثانية.
264 1 _aبيروت :
_bالدار العربية للعلوم،
_c2004
300 _a269 صفحة ؛
_c24 سم
336 _aنص
_btxt
_2rdacontent
_3كتاب
337 _aبدون وسيط
_bn
_2rdamedia
338 _aمجلد
_bnc
_2rdacarrier
650 7 _aالتوسل
_2aucsh
650 7 _aالشفاعة
_2aucsh
650 7 _aالسمعيات
_2aucsh
700 1 _aشكري، حسين محمد علي
_eمراجع.
942 _2ddc
_cBOOK
_n0
949 _aSA-JeALM
_d241020
_umohamedma123
_n1
999 _c1602
_d1602